| 000 | 00625nam a2200181 i 4500 | ||
|---|---|---|---|
| 001 | 96031 | ||
| 003 | ES-MaACL | ||
| 005 | 20230906181825.0 | ||
| 007 | t| | ||
| 008 | 050609s1969 sp ||||1| spa d | ||
| 100 | 1 |
_aMadariaga de la Campa, Angel. _975295 |
|
| 245 | 1 | 0 |
_aCurso de dibujo _b: Mecánico Naval Mayor / _cAngel Madariaga de la Campa. |
| 260 |
_aSantander : _bManufacturas Jean, _c1969. |
||
| 300 |
_a84 p. con 48 lám. ; _c31 cm. |
||
| 500 | _aPrecede al tít.: Subsecretaría de la Marina Mercante. | ||
| 710 | 1 |
_aEspaña. _bSubsecretaría de la Marina Mercante. _94000 |
|
| 852 |
_aES-MaACL _jC-35729 _bR.69211 |
||
| 999 |
_c96031 _d96031 |
||